Mixed picture (Record no. 83297)

MARC details
000 -LEADER
fixed length control field 00818cab a22002175a 4500
001 - CONTROL NUMBER
control field L153450
008 - FIXED-LENGTH DATA ELEMENTS--GENERAL INFORMATION
fixed length control field 110729e20110728xxkd f 000 0 eng d
035 ## - SYSTEM CONTROL NUMBER
System control number (Sirsi) u153450
041 0# - LANGUAGE CODE
Language code of text/sound track or separate title eng
100 1# - MAIN ENTRY--PERSONAL NAME
Personal name Sandland, Ian
245 00 - TITLE STATEMENT
Title Mixed picture
Remainder of title cost analysis, European construction market
260 ## - PUBLICATION, DISTRIBUTION, ETC.
Date of publication, distribution, etc. 2011
490 #0 - SERIES STATEMENT
Series statement New Civil Engineer
Volume/sequential designation 28 July 2011, 14-15(2)
520 ## - SUMMARY, ETC.
Summary, etc. Overview of current European construction activity highlighting the countries where opportunities for civil engineering works are coming to the fore. Table of relative cost of construction in 20 capital cities.
590 ## - LOCAL NOTE (RLIN)
Local note KA
651 #4 - SUBJECT ADDED ENTRY--GEOGRAPHIC NAME
Geographic name Europe
690 ## - LOCAL SUBJECT ADDED ENTRY--TOPICAL TERM (OCLC, RLIN)
Topical term or geographic name as entry element MANAGEMENT-BUSINESS MANAGEMENT-FINANCIAL MANAGEMENT
690 ## - LOCAL SUBJECT ADDED ENTRY--TOPICAL TERM (OCLC, RLIN)
Topical term or geographic name as entry element BUILT ENVIRONMENT-CONSTRUCTION MARKET
710 ## - ADDED ENTRY--CORPORATE NAME
Corporate name or jurisdiction name as entry element Rider Levett Bucknall
9 (RLIN) 5520
942 ## - ADDED ENTRY ELEMENTS (KOHA)
Suppress in OPAC 0
Holdings
Withdrawn status Lost status Source of classification or shelving scheme Damaged status Not for loan Home library Current library Shelving location Date acquired Total Checkouts Full call number Barcode Date last seen Copy number Price effective from Koha item type
    Dewey Decimal Classification     London London Journal article 29/07/2011   L153450 153450-1001 06/08/2019 1 06/08/2019 Journal article